000 00496cam a2200193ua 4500
001 3256
008 111013n ii |||gr||||Z||||||asm
020 _a81-86827-49-8
040 _cMAIN
082 _a891.4513
100 1 _aPujari, Anuradha Sarmah,
245 1 1 _aEajon ishwaror sandhanat
_cby Anuradha Sarmah Pujari
250 _a5th.
260 _aGuahati:
_bJyoti Prakashan,
_c2003.
300 _a38p:
_c23cm.
653 _aAssamese novel
653 _aEajon ishwaror sandhanat
942 _cBK
999 _c3101
_d3101